Energetická závislosť SR od Ruskej federácie a výhľad budúcej spolupráce v oblasti energetiky bakalárska práca

Gespeichert in:
Bibliographische Detailangaben
1. Verfasser: Komanová, Pavlína
Körperschaft: Fakulta medzinárodných vzťahov EU. Katedra medzinárodných ekonomických vzťahov a hospodárskej diplomacie
Weitere Verfasser: Raneta, Leonid, 1982-
Format: Buch
Sprache:Slowakisch
Veröffentlicht: Bratislava 2011
Tags: Tag hinzufügen
Keine Tags, Fügen Sie das erste Tag hinzu!

MARC

LEADER 00000nbm a2200000 4500
001 0139955
005 20161109111655.5
041 0 |a slo 
044 |a SK 
245 1 0 |a Energetická závislosť SR od Ruskej federácie a výhľad budúcej spolupráce v oblasti energetiky  |b bakalárska práca  |c Pavlína Komanová ; školiteľ: Leonid Raneta 
264 1 |a Bratislava  |c 2011 
300 |a 41 s. 
100 1 |a Komanová, Pavlína 
700 1 |a Raneta, Leonid, 1982- 
710 2 |a Fakulta medzinárodných vzťahov EU. Katedra medzinárodných ekonomických vzťahov a hospodárskej diplomacie